LEADER 01153cam0-22003971i-450- 001 990000194770403321 005 20161028082044.0 010 $a0-7204-0245-X 035 $a000019477 035 $aFED01000019477 035 $a(Aleph)000019477FED01 035 $a000019477 100 $a20020821d1972----km-y0itay50------ba 101 0 $aeng 105 $af-------001yy 200 1 $aPolymer science$ea materials science handbook$feditor A. D. Jenkins 210 $aAmsterdam$cNorth-Holland Publ. Co.$d1972 215 $a2 v.$cill.$d23 cm 610 0 $aPolimeri 676 $a547.8 702 1$aJenkins,$bAubrey Dennis 801 0$aIT$bUNINA$gRICA$2UNIMARC 901 $aBK 912 $a990000194770403321 952 $a13 P 36 18$b28964$fFINBC 952 $a13 P 36 19$b30335$fFINBC 952 $a13 P 36 17$b28963$fFINBC 952 $a04 200-81/2$bOPV PIC/CNR 334$fDINCH 952 $a04 200-81/1$bOPV PIC/CNR 334$fDINCH 952 $a13 P 36 21$b28966$fFINBC 952 $a13 B 03 06$b30336$fFINBC 952 $a13 B 03 04$b28965$fFINBC 959 $aFINBC 959 $aDINCH 996 $aPolymer science$9122018 997 $aUNINA LEADER 01636nam 2200385z- 450 001 9910346925403321 005 20210211 010 $a1000011015 035 $a(CKB)4920000000101268 035 $a(oapen)https://directory.doabooks.org/handle/20.500.12854/53749 035 $a(oapen)doab53749 035 $a(EXLCZ)994920000000101268 100 $a20202102d2009 |y 0 101 0 $aeng 135 $aurmn|---annan 181 $ctxt$2rdacontent 182 $cc$2rdamedia 183 $acr$2rdacarrier 200 00$aModelling the human cardiac fluid mechanics. 3rd ed 210 $cKIT Scientific Publishing$d2009 215 $a1 online resource (80 p. p.) 311 08$a3-86644-357-9 330 $aThe third edition of this article on the modelling and simulation of the flow in human hearts supplements earlier editions. It discusses the flow-structure coupled heart model KAHMO FSI (Karlsruhe Heart Model) and examines patient-specific clinical application of the heart model for cardiac surgery. The KAHMO heart model can be used to predict flow losses and flow structures due to pathalogical ventricle defects. These are considered before and after surgery. 606 $aTechnology: general issues$2bicssc 610 $aCardiology 610 $aFlow Simulation 610 $aFluid Mechanics 610 $aHeart Surgery 610 $aHuman Heart 615 7$aTechnology: general issues 700 $aOertel$b HerbertKrittian, SebastianSpiegel, Kathrin$4auth$01287609 906 $aBOOK 912 $a9910346925403321 996 $aModelling the human cardiac fluid mechanics. 3rd ed$93020209 997 $aUNINA